Fotogrametría / (Record no. 133058)

MARC details
000 -LEADER
campo de control de longitud fija 00515nam a2200169 4500
001 - NÚMERO DE CONTROL
campo de control 133058
003 - IDENTIFICADOR DE NÚMERO DE CONTROL
campo de control ES-MaACL
005 - FECHA Y HORA DE LA ÚLTIMA TRANSACCIÓN
campo de control 20230906194321.0
007 - CAMPO FIJO DE DESCRIPCIÓN FÍSICA--INFORMACIÓN GENERAL
campo de control de longitud fija t|
008 - DATOS DE LONGITUD FIJA--INFORMACIÓN GENERAL
campo de control de longitud fija 070214s1943 sp r ||||1| spa d
100 1# - ENTRADA PRINCIPAL--NOMBRE DE PERSONA
Nombre de persona Rube, Kurt.
9 (RLIN) 100285
245 10 - MENCIÓN DEL TÍTULO
Título Fotogrametría /
Mención de responsabilidad, etc. por Kurt Rube ; versión española por José Cubillo Fluiters.
260 ## - PUBLICACIÓN, DISTRIBUCIÓN, ETC.
Lugar de publicación, distribución, etc. Barcelona :
Nombre del editor, distribuidor, etc. Gustavo Gili,
Fecha de publicación, distribución, etc. 1943.
300 ## - DESCRIPCIÓN FÍSICA
Extensión 124 p. :
Otras características físicas il. ;
Dimensiones 24 cm.
700 1# - ENTRADA AGREGADA--NOMBRE PERSONAL
Nombre de persona Cubillo Fluiters, José.
9 (RLIN) 41946
852 ## - LOCALIZACIÓN
Ubicación ES-MaACL
Número de control de estantería 1848-F-6
Sublocalización o colección R.20716
Holdings
Estatus retirado Estado de pérdida Estado de daño No para préstamo Colección Biblioteca de origen Biblioteca actual Ubicación en estantería Fecha de adquisición Fuente de adquisición Total de préstamos Signatura topográfica completa Código de barras Visto por última vez Precio de reemplazo Tipo de ítem Koha
        Colección de folletos Biblioteca del Ateneo de Madrid Biblioteca del Ateneo de Madrid Depósito folletos 17/01/2008     1848-F-6 1138522 23/02/2023 23/02/2023 Folleto